Hazardous waste minimization

Enregistré dans:
Détails bibliographiques
Auteur principal: Freeman, Harry M (Auteur)
Format: Livre
Langue:anglais
Publié: Nueva York McGraw-Hill 1990
Collection:Industrial Engineering Series
Sujets:
Tags: Ajouter un tag
Pas de tags, Soyez le premier à ajouter un tag!

MARC

LEADER 00000nam a2200000 a 4500
001 UCY0841
003 CL-VaPUC
008 940813e19900000US |||||||||||||||||eng|d
082 0 4 |a 628.42  |b FRE  |2 21 
100 0 |a Freeman, Harry M  |e author  |9 328684 
245 1 0 |a Hazardous waste minimization 
300 |a 343 p 
942 |c BK 
945 |d 19940813 00:00:00  |a mfernand 
260 |a Nueva York  |b McGraw-Hill  |c 1990 
650 7 |a DESECHOS PELIGROSOS  |2 CL-VaPUC  |9 326354 
650 7 |a MINIMIZACION DE DESECHOS ADMINISTRACION  |2 CL-VaPUC  |9 328685 
583 |a last modification  |c 19940813 00:00:00  |k Rodrigo Vera 
490 0 |a Industrial Engineering Series 
999 |c 229740  |d 229738 
952 |0 0  |1 0  |4 0  |6 628_420000000000000_FRE_1990  |7 0  |8 A  |9 231244  |a BIBING  |b BIBING  |d 2019-11-15  |i 2952300  |o 628.42 FRE 1990  |p 2952300  |r 2025-01-20  |w 2019-11-15  |y BK  |k EIQ